Survey of NGOs in the field of social services Pakistan. (Record no. 348876)
[ view plain ]
| 000 -LEADER | |
|---|---|
| fixed length control field | 00458 a2200145 4500 |
| 082 ## - DEWEY DECIMAL CLASSIFICATION NUMBER | |
| Classification number | 361 |
| 090 ## - LOCALLY ASSIGNED LC-TYPE CALL NUMBER (OCLC); LOCAL CALL NUMBER (RLIN) | |
| -- | 6517 |
| -- | 6517 |
| 100 ## - MAIN ENTRY--PERSONAL NAME | |
| Personal name | HRH Associates |
| 245 ## - TITLE STATEMENT | |
| Title | Survey of NGOs in the field of social services Pakistan. |
| Remainder of title | Vol-1 Directory of NGOs.Part II |
| Statement of responsibility, etc. | Ministry of Planning and Development Planning and Development |
| 250 ## - EDITION STATEMENT | |
| Edition statement | Part II |
| 260 ## - PUBLICATION, DISTRIBUTION, ETC. | |
| Place of publication, distribution, etc. | Lahore |
| Name of publisher, distributor, etc. | HRH Associates. |
| Date of publication, distribution, etc. | 1989. |
| 300 ## - PHYSICAL DESCRIPTION | |
| Extent | 405p. |
| 500 ## - GENERAL NOTE | |
| General note | Paper cover |
| 942 ## - ADDED ENTRY ELEMENTS (KOHA) | |
| Institution code [OBSOLETE] | NBS |
| Koha item type | Book |
| Call number prefix | 361 HRH |
| Withdrawn status | Lost status | Damaged status | Not for loan | Permanent Location | Current Location | Date acquired | Total Checkouts | Full call number | Barcode | Date last seen | Date last checked out | Price effective from | Koha item type |
|---|---|---|---|---|---|---|---|---|---|---|---|---|---|
| Central Library (CL) | Central Library (CL) | 08/28/2013 | 1 | 361 HRH | NBSD-1807 | 11/23/2017 | 08/22/2017 | 08/28/2013 | Book |
